[Event "Vojvodina Cup"]
[Site "Banja Junakovic"]
[Date "2009.04.30"]
[Round "1"]
[White "Paroski, Sinisa"]
[Black "Mihic, Bojan"]
[Result "0-1"]
[WhiteElo "2219"]
[BlackElo "2391"]
[PlyCount "69"]
[EventDate "2009.04.30"]
[EventType "team-tourn"]
[EventRounds "5"]
[EventCountry "YUG"]
[SourceTitle "EXT 2011"]
[Source "ChessBase"]
[SourceDate "2010.11.26"]
[SourceVersion "1"]
[SourceVersionDate "2010.11.26"]
[SourceQuality "1"]

1. e4 e6 2. d4 d5 3. Nd2 Be7 4. Bd3 c5 5. dxc5 Nf6 6. exd5 exd5 7. Ngf3 0-0 8. 0-0 Bxc5 9. Nb3 Be7 10. h3 Nc6 11. c3 h6 12. Re1 Bd6 13. Nbd4 a6 14. Nf5 Bxf5 15. Bxf5 Bc7 16. Be3 Re8 17. Bd3 Ne4 18. Qc2 Qf6 19. Rad1 Rad8 20. Bxe4 dxe4 21. Rxd8 Qxd8 22. Nd2 Qd6 23. Nf1 Qe6 24. Nd2 f5 25. Qb3 Qxb3 26. Nxb3 Ne5 27. Nc5 a5 28. Rd1 b6 29. Na4 Nd3 30. Bxb6 Nxb2 31. Rd7 Bxb6 32. Nxb6 Rb8 33. Nd5 Kf8 34. Nf4 g5 35. Ng6+ 0-1